000
00304nam a2200121Ia 4500
008
191201s2008 xx 000 0 und d
100
_a
HOLZNER,Steven
245
0
_a
Visual Basic 6 Programming Black Book
260
_a
N. Delhi
_b
Dreamtech
_c
2008
300
_a
1095
650
_a
B.Tech(CSE)
942
_2
ddc
_c
BK
999
_c
300
_d
300